ICT Law Book (Record no. 6683)

MARC details
005 - DATE AND TIME OF LATEST TRANSACTION
control field 20250714154449.0
020 ## - INTERNATIONAL STANDARD BOOK NUMBER
International Standard Book Number 978- 9987-08-074-8
082 ## - DEWEY DECIMAL CLASSIFICATION NUMBER
Classification number 343.678 MAM
100 ## - MAIN ENTRY--PERSONAL NAME
Author name MAMBI, A .J .
245 ## - TITLE STATEMENT
Title ICT Law Book
250 ## - EDITION STATEMENT
Edition statement 2nd Ed,
260 ## - PUBLICATION, DISTRIBUTION, ETC.
Place of publication, distribution, etc. Dar es salaam,
Name of publisher, distributor, etc. Mkuki na Nyota,
Date of publication, distribution, etc. 2014.
300 ## - PHYSICAL DESCRIPTION
Extent xxi, 294p.:
Other physical details bibliography & index,
Dimensions 23cm.
942 ## - ADDED ENTRY ELEMENTS (KOHA)
Source of classification or shelving scheme Dewey Decimal Classification
Koha item type Books
Holdings
Date last seen Total checkouts Full call number Barcode Cost, replacement price Price effective from Koha item type Lost status Source of classification or shelving scheme Damaged status Not for loan Withdrawn status Home library Current library Shelving location Date acquired Cost, normal purchase price
07/14/2025   343.678 MAM 00000013750 90000.00 07/14/2025 Books   Dewey Decimal Classification       College of Business Education Main Library College of Business Education Main Library General Collection 07/14/2025 30000.00